History Quiz

Random History or Decade Quiz
Score 0/30 Timer 06:00
0 Plays Today
% Correct
Andy
95.4%
Make Love
94.8%
Sgt. Pepper's Lonely
94.4%
San
93.2%
Rolling
92.6%
Grateful
92.1%
Summer of
92%
Civil
91.8%
1968 Democratic National
91.7%
Baby
90.9%
The Woodstock
88%
University of California
87.7%
Flower
85.6%
Anti-War
85.5%
Easy
85.3%
% Correct
Hunter S.
84.6%
Generation
84.5%
The Jefferson
84.2%
Lysergic Acid
83.9%
Eve of
83%
Timothy
81.4%
Black Panther
78.8%
Abbie
76.4%
Haight-
73.5%
Psychedelic
72.1%
Monterey
70.3%
The Electric Kool-Aid
68.4%
Stonewall
68.2%
New
67.6%
The Human
47.5%
Remove Ads.
Support Sporcle.
Get the best of Sporcle when you Go Orange. This ad-free experience offers more features, more stats, and more fun while also helping to support Sporcle. Thank you for becoming a member.

You're not logged in!

Compare scores with friends on all Sporcle quizzes.
OR
Log In

Show Comments

Extras

Top Quizzes Today


Score Distribution

Your Account Isn't Verified!

In order to create a playlist on Sporcle, you need to verify the email address you used during registration. Go to your Sporcle Settings to finish the process.

Report this User

Report this user for behavior that violates our Community Guidelines.

Details: